Éléments de calcul tensoriel /
Guardado en:
| Autor Principal: | |
|---|---|
| Formato: | Libro |
| Idioma: | French |
| Publicado: |
Paris :
Colin,
1960.
|
| Edición: | 5e. éd. rev. |
| Series: | Collection Armand Colin. Section de mathématiques ;
no. 259 |
| Etiquetas: |
Agregar Etiqueta
Sin Etiquetas, Sea el primero en etiquetar este registro!
|
| LEADER | 00665nam a22002051a 4500 | ||
|---|---|---|---|
| 001 | MAT.inmabb002518 | ||
| 008 | 900226s1960####fr#######b####001#0#fre## | ||
| 005 | 20160404173509.0 | ||
| 245 | 1 | 0 | |a Éléments de calcul tensoriel / |c A. Lichnerowicz. |
| 250 | |a 5e. éd. rev. | ||
| 260 | |a Paris : |b Colin, |c 1960. | ||
| 300 | |a 216 p. ; |c 17 cm. | ||
| 440 | 0 | |a Collection Armand Colin. |p Section de mathématiques ; |v no. 259 | |
| 504 | |a Bibliografía: p. [214]. | ||
| 510 | 4 | |a MR, |c 11,542c |3 (para la ed. de 1950) | |
| 100 | 1 | |a Lichnerowicz, André, |d 1915-1998. | |
| 084 | |a 53A45 |2 MR | ||
| 010 | |a 50003914 | ||
| 040 | |a DLC/ICU |c ICU | ||
| 859 | |h 53 |i L698e-5 |p A-8175 |b BIB. MATEMATICA | ||
